000 00918nam a2200241Ia 4500
003 OSt
005 20220923221741.0
006 a|||||r|||| 00| 0
007 ta
008 220922b |||||||| |||| 00| 0 hin d
024 _a199,789
037 _cTextual
040 _aARTS
_cARTS
_bhin
041 _2hin
_ahin
082 _aQ2213:5, 152L7
100 _aशर्मा, शकुन्तला
245 0 _aपुष्टिमार्णीय वचनामृत साहित्य तात्विक विवेचन एवं अनूशीलन
246 _aPuṣhṭimārṇīya vachanāmṛut sāhitya tātvik vivechan evan anūshīlana
260 _aदिल्ली
_b ़ऋषचरण एवं सन्तति
_c1977
300 _a353i``0
_ccm.
942 _hQ2213:5, 152L7
_cTEXL
_2CC
999 _c351528
_d351528